000 00531cam a2200217 4500
008 090401t1989 xxu||||| |||| 00| 0 eng d
020 _a0713459204
035 _a(Sirsi) u70109
041 _aeng
050 _a690
100 _aFerguson, Ian
245 _aBuildability in practice.
260 _aLondon
_bMitchell
_c1989
300 _a175p. : ill. ; 24cm.
350 _a7.99
490 _aMitchell`s Professional Library
650 _aBUILDABILITY
690 _aBUILT ENVIRONMENT
942 _n0
948 _c04/03/1997
999 _c95284
_d95284